000 00818cam a22002657a 4500
003 CHAP
005 20220329140404.0
008 971013s1981 r 00010 d
010 _a51291
011 _a52263
035 _a56413
040 _cCHAP
082 _a333
_bR64
100 0 0 _aRojas, Beatriz.
_999391
245 1 3 _aLa destrucción de la hacienda en Aguascalientes, 1910-1931
260 _aZamora, Mich. :
_bEl Colegio de Michoacán,
_c1981
300 _a159 p. mapas
590 _aBATCH-UPD
_b10
_c20130110
_lUCH01
_h0647
590 _aCONVERSION
_b10
_c20130109
_lUCH01
_h1328
650 1 4 _aTierras
_xTenencia
_xAguascalientes.
_9113132
650 1 4 _aTierras
_xTenencia
_xHistoria.
_9113171
901 _aBK
942 _cLIBRO
949 _a333 R64
_bBC
_cLIBRO
_d33724000315966
_eLIBRO
_h62697
_i56413
_si
_t300.00
999 _c51291
_d51291